MARC

LEADER 00000nam0a2200000 4500
001 350234
005 20231102010300.0
035 |a (RuTPU)RU\TPU\retro\3883 
090 |a 350234 
100 |a 20181204d1984 k y0rusy50 ca 
101 1 |a rus  |c fre 
102 |a RU 
105 |a a z 001zy 
200 1 |a Домье. Свидетель своей эпохи  |e [монография]  |e пер. с фр.  |f Р. Пассерон 
210 |a Москва  |c Изобразительное искусство  |d 1984 
215 |a 295 с.  |c ил. 
320 |a Библиогр.: с. 292-294. 
320 |a Библиогр. в примеч.: с. 276-291. 
600 1 |a Домье  |b О.  |c французский график  |c живописец  |f 1808-1879  |g Оноре  |c скульптор  |2 stltpush  |3 (RuTPU)RU\TPU\pers\11981 
606 1 |a Граверы  |2 stltpush  |3 (RuTPU)RU\TPU\subj\8408  |9 35823 
610 1 |a искусство 
610 1 |a Франция 
610 1 |a французская графика 
610 1 |a французская живопись 
610 1 |a творчество 
610 1 |a биографии 
610 1 |a общественная жизнь 
610 1 |a эпоха Реставрации 
675 |a 76.071  |v 4 
700 1 |a Пассерон  |b Р.  |g Роже 
801 1 |a RU  |b 63413507  |c 20181204 
942 |c BK